| 000 | 00451nam a2200181 a 4500 | ||
|---|---|---|---|
| 001 | 0021 | ||
| 005 | 20140414131910.0 | ||
| 008 | 040726s19uu xx 00 eng d | ||
| 020 | _a086-611-589-7 | ||
| 050 |
_aER _bAn5 2000 |
||
| 245 | _aAnimals on parade. | ||
| 260 |
_aNew York : _bPlaymore, _c[n.d.] |
||
| 300 | _a1 v. : ill. ; cm. | ||
| 440 | _aCute cuts book | ||
| 650 |
_aAnimals _xFiction. |
||
| 650 | _aChildren stories. | ||
| 999 |
_c111171 _d111171 |
||